• 首页
  • 本馆介绍
  • 公告通知
  • 最新文献
  • 馆藏检索
  • 电子资源
  • 读者导购
  • 参考咨询
  • 我的图书馆
  • 登录
  • 详细信息显示
  • 放入我的书架
  • 预约/预借图书
  • 作者相关作品
  • 分类相关作品
  • 丛书相关作品
  • 出版社相关作品

书目信息

  • 表格格式
  • 工作单格式
  • 卡片格式
题名:
中等师范学校手风琴教程
    
 
作者: ;全国高等师范院校手风琴学会 编
分册: 第二册   手风琴中外名曲72首
出版信息: 北京   人民音乐出版社  1989
页数: 190页
开本: 31cm
丛书名:
单 册:
中图分类: J624.3 , J657.43
科图分类:
主题词: 手风琴 , 奏法 , 器乐曲 , 手风琴--奏法--师范学校--教材 , 手风琴--器乐曲--世界--师范学校--教材
电子资源:
ISBN: 7-103-00414-5
000 01092nam0 2200277 450
001 0190014883
005 20070808184514.03
010    @a7-103-00414-5@dCNY34.50
100    @a20060525e20031989em y0chiy0110 ea
101 0  @achi
102    @aCN@b110000
105    @ag z 000yy
200 1  @a中等师范学校手风琴教程@9zhong deng shi fan xue xiao shou feng qin jiao cheng@h第二册@i手风琴中外名曲72首@f全国高等师范院校手风琴学会编
210    @a北京@c人民音乐出版社@d1989@h2006
215    @a190页@d31cm
330    @a本书收入了手风琴中外名曲72首,包括《闪烁的小星》、《夏日最后的玫瑰》、《快乐的农夫》、《小口琴吹支歌》、《小手风琴手》、《士兵进行曲》、《玛祖卡》、《风笛舞曲》、《拉科齐进行曲》、《小司机》、《晚会》等。
606 0  @a手风琴
606 0  @a奏法
606 0  @a器乐曲
606 0  @a手风琴@x奏法@x师范学校@j教材
606 0  @a手风琴@x器乐曲@y世界@x师范学校@j教材
690    @aJ624.3@v4
690    @aJ657.43@v4
711 02 @a全国高等师范院校手风琴学会@9quan guo gao deng shi fan yuan xiao shou feng qin xue hui@4编
801  0 @aCN@bNLC@c20070808
905    @a10447@dJ624.3@e38:2
    
    中等师范学校手风琴教程.第二册.手风琴中外名曲72首/全国高等师范院校手风琴学会编.-北京:人民音乐出版社,1989(2006)
    190页;31cm
    
    
    ISBN 7-103-00414-5:CNY34.50
    本书收入了手风琴中外名曲72首,包括《闪烁的小星》、《夏日最后的玫瑰》、《快乐的农夫》、《小口琴吹支歌》、《小手风琴手》、《士兵进行曲》、《玛祖卡》、《风笛舞曲》、《拉科齐进行曲》、《小司机》、《晚会》等。
●
相关链接 在E读中查询图书 在五车中查询图书 在当当中查询图书 在豆瓣中查询图书


正题名:中等师范学校手风琴教程     索取号:J624.3/38:2         预约/预借

序号 登录号 条形码 馆藏地/架位号 状态 备注
1 0809820   208098208   第一样本阅览室/ [索取号:J624.3/38:2] 在馆    
2 0809821   208098217   第一借阅区/ [索取号:J624.3/38:2] 在馆    
3 0809999   208099993   音乐系资料室/ [索取号:J624.3/38:2] 在馆    
唐山师范学院图书馆 欢迎您!
大连网信软件有限公司© 版权所有